00406nam a2200169 a 450000100060000000300090000600800410001502000150005604000280007108200170009910000160011624500110013226000430014330000110018649000220019765000170021918260CO-ViMGA141112s2004 ck r 000 u spa d a8476729839 aCO-ViMGAbspacCO-ViMGA04a321.07 M676u1 aMoro, Tomas10aUtopia aBarcelona, cEdicomunicacion S.A. 1999 a157 p. aColeccion Cultura14aESTADO IDEAL